000 00657nam a2200241Ia 4500
003 OSt
005 20220924125230.0
006 a|||||r|||| 00| 0
007 ta
008 220923b |||||||| |||| 00| 0 urd d
020 _c60.00
024 _a315896
037 _cTextual
040 _aARTS
_cARTS
_burd
041 _2urd
_aurd
082 _aO168,1N25:g, M8
100 _aRastogi Tarachand
_9197852
245 0 _aNazish-e-adab
_b Kalidas Gupta Riza
260 _aPune
_bAsbaq Publications India
_c1988
650 _aURDU POETRY
942 _hO168,1N25:g, M8
_cTEXL
_2CC
999 _c422190
_d422190